000 00761nam2a2200205 4500
001 RU\NLR\PER_A\003155308_001260
005 20250626091354.0
035 _a(NLR Aleph) 011547623
090 _a12228058
_c12228058
100 _a20171206d2017 |||y0rusy50 ca
101 0 _arus
102 _aRU
200 0 _aТ. 38, № 4
210 _d2017
_aБ. м.
461 0 _1001RU\NLR\INFOCOMM7\1000001029
_12001#$aИммунология$eДвухмес. науч.-теорет. журн.$fАМН СССР$vТ. 38, № 4
_93045762
_cМ.
_d1980 -
_fАМН СССР
_nМедицина
_oДвухмес. науч.-теорет. журн.
_tИммунология
_x0206-4952
_vТ. 38, № 4
852 _aNLR
_jП17/363
942 _cISSUE
980 _aNB
980 _aRUSPER